000 00784nas a2200277 4500
001 BR9800498
003 BR-BrBNA
005 20231205100716.0
007 ta
008 230509b bl.|||p| |||| 00| 00por d
040 _aBR-BrBNA
_bpor
_cBiblioteca Nacional de Agricultura
041 _a(En)
072 _aF60; U10
100 1 _aBorem, A.
100 1 _aRasmusson, D.C.
100 1 _aFulcher, G.
245 1 _aEvidences for a third class of starch granules in barley
650 _aCevada
650 _aAmido
650 _aGranulo
650 _aComposicao Quimica
650 _aModelo Matematico
773 0 _tRevista Ceres (Brazil)
_xISSN 0034-737X
_g(Jul-Aug 1997), v. 44(254) p. 457-465
_wBR9800498
909 _a202311
_bLúcia
_c55
_dLúcia Elande
942 _2AGRIS
_n0
_cANA
999 _c157590
_d157590